000 00700nam a2200289Ia 4500
005 20260324121648.0
008 008 260324s9999 xx 000 0 eng d
020 _a9781315867038
037 _aEBOOK
040 _aCRL
040 _beng
040 _cCRL
041 _2eng
041 _aeng
084 _qCRL
100 _aOnofrio Romano
_91163380
245 4 _aThe Sociology of Knowledge in a Time of Crisis
245 0 _bChallenging the Phantom of Liberty
260 _bTaylor and Francis
260 _c2014
365 _a
365 _b240
856 _uhttp://www.taylorfrancis.com/books/9781315867038
942 _cEBOOK
999 _c1755629
_d1755629